[Event "BAN-ch U20"]
[Site "Dhaka"]
[Date "2022.02.17"]
[Round "3"]
[White "Md Anower, Hossain"]
[Black "Dibya, Das Gupta"]
[Result "0-1"]
[WhiteElo "1634"]
[BlackElo "1923"]
[PlyCount "54"]
[EventDate "2022.02.15"]
[EventType "swiss"]
[EventRounds "9"]
[EventCountry "BAN"]
[SourceTitle "CBM 207 Extra"]
[Source "ChessBase"]
[SourceDate "2022.05.31"]
[SourceVersion "1"]
[SourceVersionDate "2022.05.31"]
[SourceQuality "1"]

1. e4 c5 2. Nf3 e6 3. d4 cxd4 4. Nxd4 a6 5. Nc3 Qc7 6. Bd3 b5 7. a3 Bb7 8. 0-0 Nf6 9. Kh1 d5 10. exd5 Nxd5 11. Nxd5 Bxd5 12. Qg4 Nd7 13. Bf4 Nf6 14. Qg3 Qb7 15. f3 Nh5 16. Qh4 Nxf4 17. Qxf4 Be7 18. Rae1 0-0 19. Re5 h6 20. Rh5 Qb8 21. Qg4 f5 22. Qh3 Qe5 23. c3 Qe3 24. f4 Qd2 25. Bc2 Bf6 26. Rd1 Qf2 27. Qg3 Bxd4 0-1

[Event "BAN-ch U20"]
[Site "Dhaka"]
[Date "2019.05.19"]
[Round "5"]
[White "Md Anower, Hossain"]
[Black "Yasir Ali, Khan Evan"]
[Result "0-1"]
[WhiteElo "1581"]
[BlackElo "1843"]
[PlyCount "64"]
[EventDate "2019.05.15"]
[EventType "swiss"]
[EventRounds "8"]
[EventCountry "BAN"]
[SourceTitle "EXT 2020"]
[Source "ChessBase"]
[SourceDate "2019.10.17"]
[SourceVersion "1"]
[SourceVersionDate "2019.10.17"]
[SourceQuality "1"]

1. e4 c6 2. d4 g6 3. Nc3 Bg7 4. f4 Nf6 5. Nf3 d5 6. e5 Ne4 7. Bd3 Qa5 8. Bd2 Nxd2 9. Qxd2 0-0 10. h3 f6 11. 0-0-0 Bh6 12. g3 c5 13. Nxd5 Qxa2 14. Nc3 Qa1+ 15. Nb1 Be6 16. c3 Bd5 17. Qe2 cxd4 18. Bc4 Bxc4 19. Qxc4+ Kh8 20. Rxd4 Nc6 21. exf6 Nxd4 22. fxe7 Nxf3 23. exf8Q+ Rxf8 24. Qe4 Nh4 25. Kc2 Nf5 26. Rd1 Nxg3 27. Qxb7 Qa4+ 28. Qb3 Qe4+ 29. Rd3 Rd8 30. c4 Bxf4 31. Nd2 Bxd2 32. Kxd2 Qe2+ 0-1

[Event "BAN-ch U20"]
[Site "Dhaka"]
[Date "2018.05.11"]
[Round "7"]
[White "Abdullah Al, Muhit"]
[Black "Md Anower, Hossain"]
[Result "0-1"]
[WhiteElo "1761"]
[BlackElo "1323"]
[PlyCount "60"]
[EventDate "2018.05.05"]
[EventType "swiss"]
[EventRounds "8"]
[EventCountry "BAN"]
[SourceTitle "CBM 184 Extra"]
[Source "ChessBase"]
[SourceDate "2018.06.28"]
[SourceVersion "1"]
[SourceVersionDate "2018.06.28"]
[SourceQuality "1"]

1. e4 e5 2. f4 exf4 3. Nf3 Be7 4. Bc4 Bh4+ 5. Kf1 Be7 6. d4 d6 7. Bxf4 c6 8. Nbd2 b5 9. Bb3 a5 10. a4 b4 11. g3 Bh3+ 12. Kf2 Nf6 13. Bxf7+ Kf8 14. Ng5 Ng4+ 15. Kg1 Bxg5 16. Qf3 Bf6 17. Be6 h5 18. c3 Qe7 19. d5 Qa7+ 20. Be3 Qxe3+ 21. Qxe3 Nxe3 22. Bxh3 bxc3 23. bxc3 Bxc3 24. Ra2 cxd5 25. exd5 Nxd5 26. Bg2 Nb4 27. Ra3 Bd4+ 28. Kf1 N8c6 29. Nb3 Re8 30. Bh3 Nc2 0-1

[Event "BAN-ch U16"]
[Site "Dhaka"]
[Date "2018.05.04"]
[Round "7"]
[White "Md Anower, Hossain"]
[Black "Nafim, Al Karim"]
[Result "0-1"]
[WhiteElo "1323"]
[BlackElo "1585"]
[PlyCount "30"]
[EventDate "2018.04.28"]
[EventType "swiss"]
[EventRounds "7"]
[EventCountry "BAN"]
[SourceTitle "EXT 2019"]
[Source "ChessBase"]
[SourceDate "2018.10.10"]
[SourceVersion "1"]
[SourceVersionDate "2018.10.10"]
[SourceQuality "1"]

1. e4 e5 2. d4 exd4 3. Qxd4 Nc6 4. Qd1 Nf6 5. Bd3 Bc5 6. Ne2 0-0 7. 0-0 Ne5 8. Ng3 d6 9. Be3 Bxe3 10. fxe3 Nfg4 11. Qe2 Qh4 12. h3 Qxg3 13. hxg4 Nxg4 14. Rf4 Qh2+ 15. Kf1 Qh1# 0-1